Catalog

Record Details

Catalog Search



Available copies

  • 1 of 1 copy available at LARL/NWRL Consortium.
  • 1 of 1 copy available at Lake Agassiz Regional Library. (Show preferred library)

Current holds

0 current holds with 1 total copy.

Show Only Available Copies
Location Call Number / Copy Notes Barcode Shelving Location Status Due Date
Moorhead Public Library 921 ALI (Text) 33500010015261 Main Available -

Record details

  • ISBN: 9780151012800
  • ISBN: 0151012806
  • Physical Description: p. cm.
  • Edition: 1st ed.
  • Publisher: Orlando : Houghton Mifflin Harcourt, c2009.
Subject: Alison, Jane > Family.
Alison, Jane > Childhood and youth.
Novelists, American > 21st century > Biography.
LDR 01060cam a22003138a 4500
00198963
003LARL_NWRL_CONSORTIUM
00520081212154711.0
008080331s2009 flu 000 0 eng
010 . ‡a2008014747
020 . ‡a9780151012800
020 . ‡a0151012806
035 . ‡a(OCoLC)217264020
040 . ‡aDLC ‡cDLC ‡dBTCTA ‡dBAKER ‡dYDXCP
08200. ‡a813/.54 ‡aB ‡222
1001 . ‡aAlison, Jane. ‡0(LARL_NWRL_CONSORTIUM)218500
24510. ‡aSisters antipodes / ‡cJane Alison.
250 . ‡a1st ed.
260 . ‡aOrlando : ‡bHoughton Mifflin Harcourt, ‡cc2009.
300 . ‡ap. cm.
60010. ‡aAlison, Jane ‡xFamily.
60010. ‡aAlison, Jane ‡xChildhood and youth.
650 0. ‡aNovelists, American ‡y21st century ‡vBiography.
901 . ‡a98963 ‡bOCLC ‡c98963 ‡tbiblio

Additional Resources